The International Monetary Fund, 1972-1978 : Cooperation on Trial : Documents /

Guardado en:
Detalles Bibliográficos
Autor principal: Vries, Margaret Garritsen de (autor)
Formato: Libro
Idioma:Inglés
Publicado: Washington, EUA : International Monetary Fund, 1985, c1985
Temas:
Etiquetas: Agrega una etiqueta
Sin etiquetas, Sé el primero en etiquetar este registro!

MARC

LEADER 00000nam^a2200000^a^4500
001 000311143
005 20250624000000.0
008 110610 19851985
009 20260310113037.432
020 |a 0-939934-42-6 
020 |a 0-939934-43-4 
037 |a Acervo ITESO - Biblioteca 
041 |a ING 
082 |a 332. 152  |b VRI V. 3 
100 |a Vries, Margaret Garritsen de  |e (autor) 
240 1 5 |a [The International Monetary Fund, 1972-1978] 
245 1 4 |a The International Monetary Fund, 1972-1978 :  |b Cooperation on Trial : Documents /  |c M.G. de Vries. 
264 4 |a Washington, EUA :  |b International Monetary Fund,  |c 1985, c1985 
300 |a XII, 657 p. 
336 |a texto  |b txt  |2 rdacontenido 
337 |a sin mediación  |b n  |2 rdamedio 
338 |a volumen  |b nc  |2 rdasoporte 
649 |a XX 
650 |a Fondo Monetario Internacional -  |x Historia -  |y 1970-1979 -  |x Tema Principal 
650 |a Fondo Monetario Internacional -  |x Historia -  |y 1970-1979 -  |x Documentos 
650 |a Fondo Monetario Internacional -  |x Historia -  |y Siglo XX -  |x Documentos 
650 |a Economía Internacional -  |x Historia -  |y 1970-1979 
650 |a Economía Internacional -  |x Historia -  |y Siglo XX 
910 |a Fondo General 
920 |a Impresos - Libros 
930 |a Colección General 
905 |a 101 
901 |a 0500197868  |b IT1  |c ACC  |d DT  |i D56281  |u 20250624 
902 |a https://opac.biblio.iteso.mx/vufind/Record/000311143